000 00551nam a2200193Ia 4500
005 20250603145244.0
008 250603s9999 xx 000 0 und d
020 _a9789350351451
050 _aKT 1939 .D4/
100 _aDesai T. R.
245 0 _aLaw relating to tenders and government contracts: a complete treatise on the law and principles of tenders and government contracts
250 _a3rd ed.
260 _aNew Delhi
260 _bUniversal Law Publishing
260 _c2012
300 _a854 p
650 _aNew Delhi
942 _cBK
999 _c41327
_d41327